000 00640nam a22001817a 4500
999 _c61329
_d61329
005 20240213120304.0
008 240213s2018 enk||||| |||| 00| 0 eng d
020 _a9781107189638
041 _aeng
080 _a530.145 G-83
100 _aGriffiths, David J.
_921229
245 _aIntroduction to Quantum Mechanics /
_cDavid J. Griffiths, Darrell F. Schroeter.
264 _aCambridge :
_b‎Cambridge University Press,
_c2018.
300 _a496 p. ;
_b25 cm.
653 _aშესავალი კვანტურ მექანიკაში
700 _aSchroeter, Darrell F.
_eავტორი
_921230
942 _2udc
_cBK